00866nam a2200205Ia 4500003000400000005001700004008004100021020001800062040002100080041000800101082001500109100003600124245008800160250002200248260003100270300003000301500005200331520025100383650002600634OSt20250414153647.0191128s2009 ck er 000 f spa d a9789584417961 aCO-JMCRcCO-JMCR aspa04aA-NbGOMc11 aGómez Osorio, Miguel, eautor10aAsalto 16 "confesiones de la centella negra" : bcalvario / cMiguel Gómez Osorio aSegunda edición aBogotá : bAndina,c2009 a180 páginas ; c22 cm. aIncluye datos biográficos del autor en solapa aLos caminos del hombre en su devenir por la historia terminan por lo general en la bifurcación que ofece dos caminos por no decir dos opciones. Una ilumunación blanca o trasfiguración reflejada en una renovación de la mente con la certeza14aRelatos de boxeadores